<?xml version="1.0" encoding="UTF-8"?>
<record
    xmlns:xsi="http://www.w3.org/2001/XMLSchema-instance"
    xsi:schemaLocation="http://www.loc.gov/MARC21/slim http://www.loc.gov/standards/marcxml/schema/MARC21slim.xsd"
    xmlns="http://www.loc.gov/MARC21/slim">

  <leader>03811nam a2200277 a 4500</leader>
  <controlfield tag="001">000033439</controlfield>
  <controlfield tag="005">20240229073938.0</controlfield>
  <controlfield tag="008">110404s1941    dr a          000 0 spa d</controlfield>
  <datafield tag="040" ind1=" " ind2=" ">
    <subfield code="a">DO-SdBNP</subfield>
    <subfield code="b">spa</subfield>
    <subfield code="c">BNPHU</subfield>
  </datafield>
  <datafield tag="082" ind1=" " ind2=" ">
    <subfield code="a">xxxx</subfield>
    <subfield code="b">B554p,</subfield>
  </datafield>
  <datafield tag="100" ind1="1" ind2=" ">
    <subfield code="a">Besault, Lawrence de</subfield>
    <subfield code="9">53768</subfield>
  </datafield>
  <datafield tag="245" ind1="1" ind2="0">
    <subfield code="a">President Trujillo :</subfield>
    <subfield code="b">his work and the Dominican Republic /</subfield>
    <subfield code="c">Lawrence de Besault ; corrected and put up-to-date by J. Marino Inch&#xE1;stegui and Manfredo A. Moore.</subfield>
  </datafield>
  <datafield tag="250" ind1=" " ind2=" ">
    <subfield code="a">3th. ed.</subfield>
  </datafield>
  <datafield tag="260" ind1=" " ind2=" ">
    <subfield code="a">Santiago, Rep&#xFA;blica Dominicana :</subfield>
    <subfield code="b">Editorial El Diario,</subfield>
    <subfield code="c">1941.</subfield>
  </datafield>
  <datafield tag="300" ind1=" " ind2=" ">
    <subfield code="a">504 p. :</subfield>
    <subfield code="b">il., fot. bl. y negro, retrs. ;</subfield>
    <subfield code="c">24 cm.</subfield>
  </datafield>
  <datafield tag="500" ind1=" " ind2=" ">
    <subfield code="a">An account of the career of General&#xED;simo Rafael Le&#xF3;nidas Trujillo Molina, President of the Dominican Republic, and the accomplishments and development of the Dominican Republic under his leadership.</subfield>
  </datafield>
  <datafield tag="505" ind1="0" ind2=" ">
    <subfield code="a">Contenido:</subfield>
    <subfield code="t">Introduction: an interview with president Trujillo. --</subfield>
    <subfield code="t">President Trujillo. --</subfield>
    <subfield code="t">Early days. --</subfield>
    <subfield code="t">The army. --</subfield>
    <subfield code="t">The rise to the presidency. --</subfield>
    <subfield code="t">The presidency. --</subfield>
    <subfield code="t">Work and the Dominican Republic. --</subfield>
    <subfield code="t">The capital and the Dominican Republic. --</subfield>
    <subfield code="t">The destruction and re-creation of the capital. --</subfield>
    <subfield code="t">George Washington Avenue. --</subfield>
    <subfield code="t">The naming of Trujillo City. --</subfield>
    <subfield code="t">A survey of the nation's activities. --</subfield>
    <subfield code="t">The public works program. --</subfield>
    <subfield code="t">Agriculture, industry and commerce. --</subfield>
    <subfield code="t">Education. --</subfield>
    <subfield code="t">Public finances. --</subfield>
    <subfield code="t">Judicial procedure. --</subfield>
    <subfield code="t">Settlement of boundary deserves nobel prize. --</subfield>
    <subfield code="t">Foreign relations. --</subfield>
    <subfield code="t">The American League of Nations. --</subfield>
    <subfield code="t">The Columbus Lighthouse. --</subfield>
    <subfield code="t">Other accomplishments. --</subfield>
    <subfield code="t">Sidelights and estimates of president Trujillo. --</subfield>
    <subfield code="t">The civic primer. --</subfield>
    <subfield code="t">The president as seen in his addresses. --</subfield>
    <subfield code="t">What others think of president Trujillo. --</subfield>
    <subfield code="t">Sketch from 1936 to 1941. --</subfield>
    <subfield code="t">List of illustrations. --</subfield>
    <subfield code="t">Generalissimo Rafael Leonidas Trujillo Molina, president of the Dominican Republic (illustration). --</subfield>
    <subfield code="t">Dominican coat of arms (illustration). --</subfield>
    <subfield code="t">Three aspects of president Trujillo (illustration). --</subfield>
    <subfield code="t">Breakwater at new port in Trujillo City (illustration). --</subfield>
    <subfield code="t">Puerta del Conde (illustration). --</subfield>
    <subfield code="t">The oldest Cathedral of the Americas (illustration). --</subfield>
    <subfield code="t">Mausoleum of Christopher Columbus (illustration). --</subfield>
    <subfield code="t">Columbus Palace (illustration). --</subfield>
    <subfield code="t">The ruins of the Capital after the hurricane (illustration). --</subfield>
    <subfield code="t">Trujillo City after its reconstruction. --</subfield>
    <subfield code="t">George Washington Avenue in Trujillo City (illustration). --</subfield>
    <subfield code="t">Independence Park (illustration). --</subfield>
    <subfield code="t">Ramfis bridge (illustration). --</subfield>
    <subfield code="t">Transportation facilities (illustration). --</subfield>
    <subfield code="t">Generalissimo Trujillo bridge (illustration). --</subfield>
    <subfield code="t">La Vega-Jarabacoa highway (illustration). --</subfield>
    <subfield code="t">Ozama bridge (illustration). --</subfield>
    <subfield code="t">Duarte highway (illustration). --</subfield>
    <subfield code="t">School of domestic science at Trujillo City (illustration). --</subfield>
    <subfield code="t">Colon Park (illustration). --</subfield>
  </datafield>
  <datafield tag="505" ind1="0" ind2=" ">
    <subfield code="a">Contenido:</subfield>
    <subfield code="t">Harbor at Trujillo City (illustration). --</subfield>
    <subfield code="t">Gate to Trujillo City (illustration). --</subfield>
    <subfield code="t">Street scene in the Capital (illustration). --</subfield>
    <subfield code="t">Senate building (illustration). --</subfield>
    <subfield code="t">Columbus Lighthouse (illustration). --</subfield>
    <subfield code="t">Statue of Columbus (illustration). --</subfield>
    <subfield code="t">Administrative council building in the Capital (illustration). --</subfield>
    <subfield code="t">Conde Street (illustration). --</subfield>
    <subfield code="t">La Toma (illustration). --</subfield>
    <subfield code="t">View at Barahona (illustration). --</subfield>
    <subfield code="t">The signature of Trujillo-Hull agreement, in Washington, D. C. (illustration). --</subfield>
    <subfield code="t">Ramfis Park (illustration). --</subfield>
    <subfield code="t">Modern "Jaragua" Hotel (illustration).</subfield>
  </datafield>
  <datafield tag="600" ind1="1" ind2="0">
    <subfield code="a">Trujillo Molina, Rafael Le&#xF3;nidas,</subfield>
    <subfield code="d"> 1891-1961</subfield>
    <subfield code="9">76764</subfield>
  </datafield>
  <datafield tag="651" ind1=" " ind2="0">
    <subfield code="a">Republica Dominicana</subfield>
    <subfield code="x">Historia</subfield>
    <subfield code="9">170</subfield>
  </datafield>
  <datafield tag="651" ind1=" " ind2="0">
    <subfield code="a">Republica Dominicana</subfield>
    <subfield code="x">Condiciones Sociales</subfield>
    <subfield code="9">46</subfield>
  </datafield>
  <datafield tag="651" ind1=" " ind2="0">
    <subfield code="a">Republica Dominicana</subfield>
    <subfield code="x">Condiciones Economicas</subfield>
    <subfield code="9">281</subfield>
  </datafield>
  <datafield tag="700" ind1="1" ind2="2">
    <subfield code="a">INCHAUSTEGUI, J. MARINO</subfield>
    <subfield code="9">58990</subfield>
  </datafield>
  <datafield tag="700" ind1="1" ind2="2">
    <subfield code="a">MOORE, MANFREDO A.</subfield>
    <subfield code="9">31872</subfield>
  </datafield>
  <datafield tag="856" ind1="4" ind2="1">
    <subfield code="u">http://www.archive.org/stream/presidenttrujill009471mbp#page/n7/mode/2up</subfield>
    <subfield code="z">PDF de la 2a. ed.</subfield>
  </datafield>
  <datafield tag="952" ind1=" " ind2=" ">
    <subfield code="0">0</subfield>
    <subfield code="1">0</subfield>
    <subfield code="5">0</subfield>
    <subfield code="7">1</subfield>
    <subfield code="8">RV</subfield>
    <subfield code="a">PD</subfield>
    <subfield code="b">PD</subfield>
    <subfield code="c">CT</subfield>
    <subfield code="d">2011-08-29</subfield>
    <subfield code="i">LF1</subfield>
    <subfield code="l">0</subfield>
    <subfield code="o">xxxx B554p,</subfield>
    <subfield code="p">33439-10</subfield>
    <subfield code="r">2020-06-25</subfield>
    <subfield code="w">2020-06-25</subfield>
    <subfield code="y">1</subfield>
    <subfield code="Z">No se presta</subfield>
  </datafield>
  <datafield tag="999" ind1=" " ind2=" ">
    <subfield code="c">32930</subfield>
    <subfield code="d">32930</subfield>
  </datafield>
</record>
